000 00986nmm a2200265 a 4500
001 ocm000660972
003 TR-IsHL
005 20201028142414.0
008 140104s2004 tu tur
007 cr cn
020 _a9789755128894
035 _a660972
_b(N$T)
050 0 4 _aHD2056.7
_b.T87 2004
090 0 4 _aHD2056.7
_b.T87 2004
245 1 0 _aTürkiye'de tarımın teşvikinde doğrudan gelir desteği sistemi ve sonuçları
_h[electronic resource] /
_cGülcan Eraktan...[ve öte]
260 _aİstanbul :
_bİstanbul Ticaret Odası,
_c2004
300 _a126 p.
650 4 _aTarım ve Biyoloji
650 4 _aAgricultural and Biological Sciences
650 0 _aTarım
_x Ekonomik yönleri
_x Türkiye
650 0 _aAgriculture
_x Economic aspects
_x Turkey
650 7 _aTECHNOLOGY & ENGINEERING / Agriculture / General
_2bisacsh
700 1 _aEraktan, Gülcan
856 4 0 _uhttp://search.ebscohost.com/login.aspx?direct=true&scope=site&db=e011xww&AN=660972
999 _c8334
_d8334